书目信息 |
| 题名: |
园林绿地养护管理
|
|
| 作者: | 王春燕 , 林旭 主编 | |
| 分册: | ||
| 出版信息: | 武汉 武汉大学出版社 2017.5 |
|
| 页数: | 247页 | |
| 开本: | 26cm | |
| 丛书名: | ||
| 单 册: | ||
| 中图分类: | TU986.3 | |
| 科图分类: | ||
| 主题词: | 园林--绿化地--植物保护--高等职业教育--教材 | |
| 电子资源: | ||
| ISBN: | 978-7-307-19195-2 | |
| 000 | 01141nam0 2200253 450 | |
| 001 | 0400001816 | |
| 005 | 20171019163919.0 | |
| 010 | @a978-7-307-19195-2@dCNY57.00 | |
| 100 | @a20170802e2017 em y0chiy50 ea | |
| 101 | 0 | @achi |
| 102 | @aCN@b420000 | |
| 105 | @aa z 000yy | |
| 106 | @ar | |
| 200 | 1 | @a园林绿地养护管理@9yuan lin lv di yang hu guan li@f王春燕,林旭主编 |
| 210 | @a武汉@c武汉大学出版社@d2017.5 | |
| 215 | @a247页@c图@d26cm | |
| 300 | @a高等职业教育园林工程技术专业“十三五”规划教材 | |
| 330 | @a本书主要内容包括园林绿地养护管理的前期准备、园林绿地常规养护管理、园林绿地常见植物的养护管理三个模块共二十个任务,涵盖了园林养护管理前期的养护标准的确定、养护方案的制定以及养护工具的使用维护;园林绿地常规养护管理中土肥水管理、整形修剪、病虫害综合防治、新植树木的养护管理、各种灾害防治技术、古树名木的养护管理;园林绿地中常见乔木、灌木、草本植物的各类养护管理技术要点等。 | |
| 606 | 0 | @a园林@x绿化地@x植物保护@x高等职业教育@j教材 |
| 690 | @aTU986.3@v5 | |
| 701 | 0 | @a王春燕@9wang chun yan@c(女,@f1982-)@4主编 |
| 701 | 0 | @a林旭@9lin xu@4主编 |
| 801 | 0 | @aCN@b91MARC@c20171019 |
| 905 | @b1025711-5@dTU986.3@f5@e1042 | |
| 园林绿地养护管理/王春燕,林旭主编.-武汉:武汉大学出版社,2017.5 |
| 247页:图;26cm |
| 高等职业教育园林工程技术专业“十三五”规划教材 |
| ISBN 978-7-307-19195-2:CNY57.00 |
| 本书主要内容包括园林绿地养护管理的前期准备、园林绿地常规养护管理、园林绿地常见植物的养护管理三个模块共二十个任务,涵盖了园林养护管理前期的养护标准的确定、养护方案的制定以及养护工具的使用维护;园林绿地常规养护管理中土肥水管理、整形修剪、病虫害综合防治、新植树木的养护管理、各种灾害防治技术、古树名木的养护管理;园林绿地中常见乔木、灌木、草本植物的各类养护管理技术要点等。 |
| ● |
| 相关链接 |
|
|
|
|
正题名:园林绿地养护管理
索取号:TU986.3/1042
 
预约/预借
| 序号 | 登录号 | 条形码 | 馆藏地/架位号 | 状态 | 备注 |
| 1 | 1025711 | 210257112 | 第二样本阅览室/ [索取号:TU986.3/1042] | 在馆 | |
| 2 | 1025712 | 210257121 | 第三借阅区/ [索取号:TU986.3/1042] | 在馆 | |
| 3 | 1025713 | 210257130 | 密集书库-生命科学系/ [索取号:TU986.3/1042] | 在馆 | |
| 4 | 1025714 | 210257149 | 第三借阅区/ [索取号:TU986.3/1042] | 在馆 | |
| 5 | 1025715 | 210257158 | 第三借阅区/ [索取号:TU986.3/1042] | 在馆 |